|
|
|
|
| LEADER |
01723cas a2200253 a 4500 |
| 001 |
AALejournalIMF006279 |
| 008 |
230101c9999 xx r poo 0 0eng d |
| 020 |
|
|
|c 5.00 USD
|
| 020 |
|
|
|z 9781451962703
|
| 022 |
|
|
|a 1018-5941
|
| 040 |
|
|
|a BD-DhAAL
|c BD-DhAAL
|
| 100 |
1 |
|
|a Goldsworthy, Brenton.
|
| 245 |
1 |
0 |
|a Evaluation of the Oil Fiscal Regime in Russia and Proposals for Reform /
|c Brenton Goldsworthy, Daria Zakharova.
|
| 264 |
|
1 |
|a Washington, D.C. :
|b International Monetary Fund,
|c 2010.
|
| 300 |
|
|
|a 1 online resource (30 pages)
|
| 490 |
1 |
|
|a IMF Working Papers
|
| 500 |
|
|
|a <strong>Off-Campus Access:</strong> No User ID or Password Required
|
| 500 |
|
|
|a <strong>On-Campus Access:</strong> No User ID or Password Required
|
| 506 |
|
|
|a Electronic access restricted to authorized BRAC University faculty, staff and students
|
| 520 |
3 |
|
|a Oil revenue plays a central role in Russia's economic development. Thus, the recent decline in oil production and investment, and the possible contribution of the current fiscal regime to these developments, have prompted a reassessment of the oil tax system in Russia. Some important changes have already been made, while others are underway. This paper uses a simulation model to evaluate Russia's current oil fiscal regime. Based on these simulations, the paper proposes ways to make the fiscal regime more supportive of investment, while ensuring an appropriate share of oil sector profits for the government.
|
| 538 |
|
|
|a Mode of access: Internet
|
| 700 |
1 |
|
|a Zakharova, Daria.
|
| 830 |
|
0 |
|a IMF Working Papers; Working Paper ;
|v No. 2010/033
|
| 856 |
4 |
0 |
|z Full text available on IMF
|u http://elibrary.imf.org/view/journals/001/2010/033/001.2010.issue-033-en.xml
|z IMF e-Library
|